[Event "46th Roda Open 2019"]
[Site "La Roda"]
[Date "2019.04.20"]
[Round "7.7"]
[White "Valmana Canto, Jaime"]
[Black "Burmakin, Vladimir"]
[Result "0-1"]
[WhiteElo "2377"]
[BlackElo "2495"]
[Annotator "TA"]
[PlyCount "54"]
[EventDate "2019.04.17"]
[EventType "swiss"]
[EventCountry "ESP"]
[SourceTitle "playchess.com"]
[Source "ChessBase"]
[SourceQuality "1"]

{[%evp 10,54,25,0,0,0,2,8,11,4,0,-24,-22,-26,-14,-29,12,0,0,-33,16,2,8,10,4,12,14,0,2,0,20,20,28,17,16,-93,-91,-94,-85,-93,-91,-219,-207,-230,-222,-216,-224]} 1. Nf3 d5 2. g3 c6 3. c4 Nf6 4. Bg2 Bf5 5. Qb3 Qb6 6. Nc3 {[%cal Rc4d5]} e6 {A11: English Opening: 1...c6} 7. O-O Nbd7 {[%cal Bb8d7,Bd7c5,Bc5e6][%mdl 32]} 8. d3 Nc5 {The position is equal.} (8... Be7 9. Be3 dxc4 10. Qxc4 Qb4 11. Qxb4 Bxb4 12. a3 Be7 13. b4 O-O 14. Nh4 Bg4 {1-0 (40) Khachiyan,M (2530)-Feuerstack,A (2449) chess.com INT 2017}) 9. Qxb6 axb6 10. Nd4 Bg6 11. cxd5 exd5 12. f4 $146 ({Predecessor:} 12. Bg5 Be7 13. e4 Nxd3 14. exd5 cxd5 {½-½ (90) Rupp,C-Hermann,M Bad Neuenahr 1978}) 12... Ne6 13. Nb3 Nc5 {[#] ...Nxb3 is the strong threat.} 14. Nd4 {Black should prevent f5.} Ne6 (14... Nxd3 $5 15. exd3 Bc5 $11) 15. Nc2 {aiming for f5.} Bc5+ 16. Kh1 $1 {Strongly threatening f5.} d4 $36 {[%mdl 2048] Black fights for an advantage.} 17. Nd1 Bf5 $1 18. b4 Be7 19. Bb2 O-O-O 20. Nf2 h5 21. h3 Nd5 22. Nxd4 (22. Bxd5 $11 {keeps the balance.} Rxd5 23. e4 dxe3 24. Nxe3) 22... Nxd4 $17 23. Bxd4 Nxf4 $1 {[%mdl 64] [#] Discovered Attack} 24. Bxb6 Nxe2 25. Bxd8 (25. Rfe1 $17 {was worth a try.} Nxg3+ 26. Kh2) 25... Nxg3+ $19 {[%mdl 64] Double Attack. Black is clearly better.} ({But not} 25... Rxd8 26. Rfe1 $17) 26. Kg1 Rxd8 27. Rfb1 Bf6 {Accuracy: White = 52%, Black = 67%.} 0-1

[Event "46th Roda Open 2019"]
[Site "La Roda"]
[Date "2019.04.20"]
[Round "7.8"]
[White "Sivuk, Vitaly"]
[Black "Orantes Taboada, Francisco"]
[Result "1-0"]
[WhiteElo "2523"]
[BlackElo "2311"]
[Annotator "TA"]
[PlyCount "73"]
[EventDate "2019.04.17"]
[EventType "swiss"]
[EventCountry "ESP"]
[SourceTitle "playchess.com"]
[Source "ChessBase"]
[SourceQuality "1"]

{[%evp 13,121,9,94,92,84,88,87,88,98,49,105,115,103,91,90,96,93,44,44,39,48,58,56,14,117,56,61,60,74,75,232,227,275,264,254,259,272,270,383,372,394,48,413,402,394,368,364,356,356,361,349,337,389,275,271,270,260,260,265,256,570,564,535,528,760,752,728,727,657,650,847,618,1014,981,930,660,1001,0,576,557,4602,3118,29975,29977,29976,29977,29972,29946,29985,29980,29990,29981,29987,29982,29981,29982,29988,29987,29988,29977,29976,29976,29972,29972,29976,9295,29986,29981,29977,29966]} 1. e4 c5 2. Nc3 Nc6 3. Bb5 Nd4 4. Nf3 Nxb5 5. Nxb5 a6 6. Nc3 d6 7. d4 Bg4 (7... cxd4 $11 8. Qxd4 e5) 8. dxc5 $16 {B51: Sicilian: Moscow Variation (3 Bb5+) without 3...Bd7} dxc5 9. Qxd8+ Rxd8 {[#]} 10. Ne5 $1 {[%cal Re5g4] White is better.} Nf6 11. Be3 e6 (11... g6 $14) 12. f3 Bh5 13. Na4 Nd7 14. Nxd7 Rxd7 {[#]} 15. Bxc5 $146 ({Predecessor:} 15. Nxc5 Bxc5 16. Bxc5 {1-0 (94) Predojevic,B (2614)-Martinovic,S (2565) Mali Losinj 2017}) 15... Bxc5 16. Nxc5 Rc7 17. b4 $36 {[%mdl 2048] Black is under pressure.} a5 18. c3 O-O {[#]} (18... Ke7 $11) 19. O-O ({White should play} 19. Rd1 $1 $16) 19... b6 $14 20. Na4 f5 21. exf5 Rxf5 $2 (21... axb4 $16 22. cxb4 Ra8) 22. g4 $18 {[%mdl 64] Double Attack} (22. Nxb6 axb4 23. c4 (23. cxb4 Rb5 $15 {[%mdl 64] Double Attack}) 23... Rc6 $11) 22... Rg5 23. h4 (23. Nxb6 Be8 $16) 23... Rg6 24. Rad1 ({Much less strong is} 24. Nxb6 $6 axb4 25. Kf2 (25. cxb4 Bxg4 26. fxg4 Rxg4+ 27. Kf2 Rxb4 $16) 25... Bxg4 $16) 24... axb4 25. cxb4 Rc4 (25... e5 $142 26. Rf2 Bxg4 27. fxg4 (27. Rd8+ Kf7 $18) 27... h5) 26. Nb2 Rxb4 27. Rd8+ Kf7 28. Nd3 Ke7 29. Nxb4 Kxd8 {[%mdl 4096] Endgame KRB-KRN} 30. Nc6+ Kc7 31. Ne5 Rf6 32. gxh5 {KRN-KR} Rf5 33. f4 Rxh5 34. Kg2 Rxh4 35. Kg3 Rh5 36. Rd1 {Rd7+ is the strong threat.} g5 $2 {[#]} (36... g6 37. Rd7+ Kc8) 37. Rd7+ {Played: Kg3-g4} 1-0

[Event "46th Roda Open 2019"]
[Site "La Roda"]
[Date "2019.04.21"]
[Round "8.1"]
[White "Predke, Alexandr"]
[Black "Solodovnichenko, Yuri"]
[Result "1/2-1/2"]
[WhiteElo "2619"]
[BlackElo "2554"]
[Annotator "ChessBase"]
[PlyCount "24"]
[EventDate "2019.04.17"]
[EventType "swiss"]
[EventCountry "ESP"]
[SourceTitle "playchess.com"]
[Source "ChessBase"]
[SourceQuality "1"]
[TimeControl "5400+30"]

1. e4 {[%emt 0:01:21]} e5 {[%emt 0:00:00]} 2. Nf3 {[%emt 0:01:00]} Nf6 {[%emt 0:00:00]} 3. Nxe5 {[%emt 0:01:56]} d6 {[%emt 0:00:00]} 4. Nc4 {[%emt 0:03:15]} Nxe4 {[%emt 0:00:00]} 5. Qe2 {[%emt 0:00:04]} Qe7 {[%emt 0:00:47]} 6. Ne3 {[%emt 0:00:12]} Nc6 {[%emt 0:13:19]} 7. c3 {[%emt 0:15:10]} Be6 {[%emt 0:06:08]} 8. g3 {[%emt 0:01:44]} d5 {[%emt 0:03:01]} 9. Bg2 {[%emt 0:00:49]} O-O-O {[%emt 0:00:46]} 10. d4 {[%emt 0:04:38]} Qd7 {[%emt 0:04:59]} 11. Nd2 {[%emt 0:00:41]} Nxd2 {[%emt 0:21:20]} 12. Bxd2 {[%emt 0:00:17]} h5 {[%emt 0:00:50]} 1/2-1/2

[Event "46th Roda Open 2019"]
[Site "La Roda"]
[Date "2019.04.21"]
[Round "8.2"]
[White "Perez Candelario, Manuel"]
[Black "Ibarra Jerez, Jose Carlos"]
[Result "1-0"]
[WhiteElo "2615"]
[BlackElo "2542"]
[Annotator "ChessBase"]
[PlyCount "73"]
[EventDate "2019.04.17"]
[EventType "swiss"]
[EventCountry "ESP"]
[SourceTitle "playchess.com"]
[Source "ChessBase"]
[SourceQuality "1"]
[TimeControl "5400+30"]

1. e4 {[%emt 0:01:06]} d5 {[%emt 0:00:00]} 2. exd5 {[%emt 0:00:04]} Qxd5 {[%emt 0:00:11]} 3. Nc3 {[%emt 0:00:06]} Qd8 {[%emt 0:00:44]} 4. d4 {[%emt 0:01:24]} Nf6 {[%emt 0:00:34]} 5. Nf3 {[%emt 0:04:39]} g6 {[%emt 0:00:24]} 6. Bg5 {[%emt 0:04:11]} Bg7 {[%emt 0:00:21]} 7. Qd2 {[%emt 0:00:26]} h6 {[%emt 0:05:09]} 8. Bf4 {[%emt 0:04:09]} c6 {[%emt 0:00:46]} 9. Bc4 {[%emt 0:03:45]} Nd5 {[%emt 0:21:04]} 10. Be5 {[%emt 0:01:12]} f6 {[%emt 0:00:48]} 11. Bg3 {[%emt 0:02:46]} g5 {[%emt 0:05:53]} 12. Qd3 {[%emt 0:12:32]} Be6 {[%emt 0:05:05]} 13. Bb3 {[%emt 0:04:04]} Qd7 {[%emt 0:03:28]} 14. O-O-O {[%emt 0:03:54]} Bf5 {[%emt 0:06:03]} 15. Qe2 {[%emt 0:05:43]} Na6 {[%emt 0:09:09]} 16. Rhe1 {[%emt 0:02:48]} Kf7 {[%emt 0:11:36]} 17. h4 {[%emt 0:13:11]} g4 {[%emt 0:03:45]} 18. Nd2 {[%emt 0:00:05]} h5 {[%emt 0:03:10]} 19. Kb1 {[%emt 0:00:04]} Rhe8 {[%emt 0:01:19]} 20. Nc4 {[%emt 0:01:11]} Kf8 {[%emt 0:04:28]} 21. Ne3 {[%emt 0:01:32]} Nxe3 {[%emt 0:03:31]} 22. Qxe3 {[%emt 0:01:42]} b5 {[%emt 0:00:41]} 23. Ne4 Rad8 {[%emt 0:00:44]} 24. a3 {[%emt 0:09:01]} c5 {[%emt 0:01:55]} 25. Nxc5 {[%emt 0:02:36]} Nxc5 {[%emt 0:00:11]} 26. dxc5 {[%emt 0:00:04]} Qxd1+ {[%emt 0:00:14]} 27. Rxd1 {[%emt 0:00:04]} Rxd1+ {[%emt 0:00:06]} 28. Ka2 {[%emt 0:00:03]} Rg1 {[%emt 0:04:05]} 29. c6 {[%emt 0:01:13]} Rd1 {[%emt 0:05:11]} 30. Qc5 {[%emt 0:01:28]} Bc8 {[%emt 0:02:20]} 31. Qxh5 {[%emt 0:00:58]} e6 {[%emt 0:00:04]} 32. Qxg4 {[%emt 0:01:13]} Rh1 {[%emt 0:00:41]} 33. c7 {[%emt 0:01:07]} e5 {[%emt 0:01:39]} 34. Qb4+ {[%emt 0:01:32]} Re7 {[%emt 0:00:05]} 35. Qd6 {[%emt 0:00:35]} f5 {[%emt 0:00:40]} 36. Qd5 {[%emt 0:00:16]} Re6 {[%emt 0:00:15]} 37. Qxe6 {[%emt 0:00:21]} 1-0

[Event "46th Roda Open 2019"]
[Site "La Roda"]
[Date "2019.04.21"]
[Round "8.3"]
[White "Burmakin, Vladimir"]
[Black "Popov, Ivan"]
[Result "1/2-1/2"]
[WhiteElo "2495"]
[BlackElo "2585"]
[Annotator "ChessBase"]
[PlyCount "39"]
[EventDate "2019.04.17"]
[EventType "swiss"]
[EventCountry "ESP"]
[SourceTitle "playchess.com"]
[Source "ChessBase"]
[SourceQuality "1"]
[TimeControl "5400+30"]

1. Nf3 {[%emt 0:00:00]} d5 {[%emt 0:01:07]} 2. g3 {[%emt 0:00:05]} c6 {[%emt 0:00:37]} 3. Bg2 {[%emt 0:00:54]} Bg4 {[%emt 0:00:12]} 4. h3 {[%emt 0:00:49]} Bxf3 {[%emt 0:01:22]} 5. exf3 {[%emt 0:00:07]} g6 {[%emt 0:00:44]} 6. O-O {[%emt 0:00:22]} Bg7 {[%emt 0:00:06]} 7. d3 {[%emt 0:00:13]} e6 {[%emt 0:00:52]} 8. c3 {[%emt 0:00:08]} Nd7 {[%emt 0:02:24]} 9. Re1 {[%emt 0:00:08]} Ne7 {[%emt 0:00:29]} 10. f4 {[%emt 0:00:35]} O-O {[%emt 0:04:35]} 11. Nd2 {[%emt 0:00:11]} Nf5 {[%emt 0:01:43]} 12. Nf3 {[%emt 0:00:09]} a5 {[%emt 0:00:38]} 13. Ne5 {[%emt 0:07:56]} a4 {[%emt 0:03:45]} 14. Nxd7 {[%emt 0:01:36]} Qxd7 {[%emt 0:00:08]} 15. Bd2 {[%emt 0:00:15]} b5 {[%emt 0:03:17]} 16. Rb1 {[%emt 0:26:54]} Rab8 {[%emt 0:09:39]} 17. d4 {[%emt 0:01:57]} Rfc8 {[%emt 0:01:56]} 18. Be3 {[%emt 0:05:15]} Qa7 {[%emt 0:24:17]} 19. a3 {[%emt 0:00:20]} c5 {[%emt 0:09:02]} 20. dxc5 {[%emt 0:00:29]} 1/2-1/2

[Event "46th Roda Open 2019"]
[Site "La Roda"]
[Date "2019.04.21"]
[Round "8.4"]
[White "Forcen Esteban, Daniel"]
[Black "Campora, Daniel H."]
[Result "1/2-1/2"]
[WhiteElo "2567"]
[BlackElo "2405"]
[Annotator "ChessBase"]
[PlyCount "107"]
[EventDate "2019.04.17"]
[EventType "swiss"]
[EventCountry "ESP"]
[SourceTitle "playchess.com"]
[Source "ChessBase"]
[SourceQuality "1"]
[TimeControl "5400+30"]

1. e4 {[%emt 0:00:00]} c6 {[%emt 0:00:00]} 2. d4 {[%emt 0:00:02]} d5 {[%emt 0:00:00]} 3. e5 {[%emt 0:00:04]} Bf5 {[%emt 0:00:00]} 4. Nf3 {[%emt 0:01:00]} e6 {[%emt 0:00:00]} 5. Be2 {[%emt 0:00:05]} c5 {[%emt 0:01:22]} 6. O-O {[%emt 0:01:05]} Nc6 {[%emt 0:00:27]} 7. c3 {[%emt 0:00:09]} a6 {[%emt 0:06:14]} 8. Be3 {[%emt 0:22:36]} c4 {[%emt 0:00:50]} 9. b3 {[%emt 0:11:24]} b5 {[%emt 0:00:09]} 10. a4 {[%emt 0:00:07]} Be7 {[%emt 0:03:18]} 11. Na3 {[%emt 0:14:57]} cxb3 {[%emt 0:14:31]} 12. Qxb3 {[%emt 0:04:52]} Na5 {[%emt 0:02:32]} 13. Qa2 {[%emt 0:01:35]} Nc4 {[%emt 0:05:37]} 14. Nc2 {[%emt 0:00:36]} Rb8 {[%emt 0:06:37]} 15. Nd2 {[%emt 0:08:23]} Nh6 {[%emt 0:00:44]} 16. axb5 {[%emt 0:04:46]} axb5 {[%emt 0:00:34]} 17. Nxc4 {[%emt 0:00:04]} bxc4 {[%emt 0:17:11]} 18. Bxh6 {[%emt 0:00:24]} gxh6 {[%emt 0:00:21]} 19. Ne3 {[%emt 0:00:06]} Bg6 {[%emt 0:01:34]} 20. f4 {[%emt 0:02:40]} Be4 {[%emt 0:05:08]} 21. Bg4 {[%emt 0:08:17]} O-O {[%emt 0:03:13]} 22. Qf2 {[%emt 0:01:12]} f5 {[%emt 0:01:36]} 23. exf6 {[%emt 0:00:28]} Rxf6 {[%emt 0:00:05]} 24. Bh3 {[%emt 0:04:43]} h5 {[%emt 0:02:15]} 25. Ra7 {[%emt 0:04:08]} Ra8 {[%emt 0:02:36]} 26. Rb7 {[%emt 0:02:35]} Rb8 {[%emt 0:02:42]} 27. Ra7 {[%emt 0:00:08]} Bd6 {[%emt 0:00:52]} 28. f5 {[%emt 0:02:02]} Qf8 {[%emt 0:02:48]} 29. Qe2 {[%emt 0:01:39]} Qh6 {[%emt 0:01:12]} 30. Nxc4 {[%emt 0:01:39]} Bxf5 {[%emt 0:05:06]} 31. Bxf5 {[%emt 0:00:58]} Rxf5 {[%emt 0:00:41]} 32. Nxd6 {[%emt 0:01:02]} Rxf1+ {[%emt 0:02:57]} 33. Qxf1 {[%emt 0:00:05]} Qe3+ {[%emt 0:00:10]} 34. Kh1 {[%emt 0:00:04]} Qf4 {[%emt 0:00:16]} 35. Kg1 {[%emt 0:00:13]} Qe3+ {[%emt 0:00:07]} 36. Kh1 {[%emt 0:00:02]} Qf4 {[%emt 0:00:03]} 37. Qe1 {[%emt 0:02:43]} Qxd6 {[%emt 0:01:36]} 38. g3 {[%emt 0:00:10]} e5 {[%emt 0:09:03]} 39. Qxe5 {[%emt 0:01:22]} Qxe5 {[%emt 0:00:07]} 40. dxe5 {[%emt 0:00:02]} Re8 {[%emt 0:00:04]} 41. Kg2 {[%emt 0:00:33]} Rxe5 {[%emt 0:00:08]} 42. Kf3 {[%emt 0:00:11]} h4 {[%emt 0:03:04]} 43. Rc7 {[%emt 0:01:44]} hxg3 {[%emt 0:00:14]} 44. hxg3 {[%emt 0:00:03]} h5 {[%emt 0:00:31]} 45. Kg2 {[%emt 0:01:01]} Re1 {[%emt 0:01:34]} 46. Kf3 {[%emt 0:00:23]} Re5 {[%emt 0:00:18]} 47. Rc5 {[%emt 0:00:07]} Kf7 {[%emt 0:00:18]} 48. c4 {[%emt 0:00:45]} Rf5+ {[%emt 0:00:46]} 49. Ke3 {[%emt 0:00:29]} Ke6 {[%emt 0:00:06]} 50. Rxd5 {[%emt 0:00:10]} Rxd5 {[%emt 0:00:05]} 51. cxd5+ {[%emt 0:00:04]} Kxd5 {[%emt 0:00:02]} 52. Kf4 {[%emt 0:00:10]} h4 {[%emt 0:00:06]} 53. Kg4 {[%emt 0:00:09]} hxg3 54. Kxg3 1/2-1/2

[Event "46th Roda Open 2019"]
[Site "La Roda"]
[Date "2019.04.21"]
[Round "8.5"]
[White "Pilgaard, Kim"]
[Black "Grachev, Boris"]
[Result "0-1"]
[WhiteElo "2418"]
[BlackElo "2618"]
[Annotator "ChessBase"]
[PlyCount "72"]
[EventDate "2019.04.17"]
[EventType "swiss"]
[EventCountry "ESP"]
[SourceTitle "playchess.com"]
[Source "ChessBase"]
[SourceQuality "1"]
[TimeControl "5400+30"]

1. d4 {[%emt 0:00:00]} Nf6 {[%emt 0:01:29]} 2. c4 {[%emt 0:00:00]} b6 {[%emt 0:00:07]} 3. Nc3 {[%emt 0:00:44]} Bb7 {[%emt 0:00:06]} 4. Qc2 {[%emt 0:00:32]} d5 {[%emt 0:00:12]} 5. cxd5 {[%emt 0:00:16]} Nxd5 {[%emt 0:00:05]} 6. e4 {[%emt 0:00:30]} Nxc3 {[%emt 0:00:07]} 7. bxc3 {[%emt 0:00:11]} e5 {[%emt 0:00:42]} 8. Nf3 {[%emt 0:00:27]} exd4 {[%emt 0:00:27]} 9. Bb5+ {[%emt 0:00:19]} c6 {[%emt 0:08:50]} 10. Bc4 {[%emt 0:00:22]} b5 {[%emt 0:06:34]} 11. Be2 {[%emt 0:00:25]} dxc3 {[%emt 0:08:31]} 12. Qxc3 {[%emt 0:00:14]} Nd7 {[%emt 0:02:52]} 13. O-O {[%emt 0:00:27]} b4 {[%emt 0:09:01]} 14. Qb3 {[%emt 0:11:13]} Be7 {[%emt 0:04:08]} 15. Rd1 {[%emt 0:04:17]} Qc7 {[%emt 0:02:48]} 16. Bg5 {[%emt 0:23:45]} Bxg5 {[%emt 0:10:05]} 17. Nxg5 {[%emt 0:00:09]} O-O {[%emt 0:00:24]} 18. Qxb4 {[%emt 0:08:34]} c5 {[%emt 0:01:53]} 19. Rac1 {[%emt 0:05:34]} h6 {[%emt 0:02:57]} 20. Nf3 {[%emt 0:00:35]} Rac8 {[%emt 0:01:17]} 21. Qb1 {[%emt 0:02:45]} Nb6 {[%emt 0:03:58]} 22. Nd2 {[%emt 0:02:10]} Rfd8 {[%emt 0:03:57]} 23. Nc4 {[%emt 0:00:58]} Rd4 {[%emt 0:02:06]} 24. f3 {[%emt 0:10:00]} Nxc4 {[%emt 0:09:19]} 25. Rxd4 {[%emt 0:05:48]} cxd4 {[%emt 0:00:06]} 26. Rxc4 {[%emt 0:00:09]} Qf4 {[%emt 0:04:47]} 27. Rxc8+ {[%emt 0:05:51]} Bxc8 {[%emt 0:00:04]} 28. Qd3 {[%emt 0:01:05]} Qd6 {[%emt 0:01:28]} 29. Kf2 {[%emt 0:05:04]} Be6 {[%emt 0:00:17]} 30. a3 {[%emt 0:00:50]} a5 {[%emt 0:00:51]} 31. h4 {[%emt 0:00:56]} a4 {[%emt 0:01:00]} 32. Bd1 {[%emt 0:00:35]} Bd7 {[%emt 0:02:45]} 33. Qc4 {[%emt 0:00:28]} Qb6 {[%emt 0:02:35]} 34. Bxa4 {[%emt 0:03:14]} d3+ {[%emt 0:00:24]} 35. Kf1 {[%emt 0:03:54]} Bxa4 {[%emt 0:00:38]} 36. Qxa4 {[%emt 0:00:12]} Qb1+ {[%emt 0:00:04]} 0-1

[Event "46th Roda Open 2019"]
[Site "La Roda"]
[Date "2019.04.21"]
[Round "8.6"]
[White "Gines Esteo, Pedro Antonio"]
[Black "Sivuk, Vitaly"]
[Result "0-1"]
[WhiteElo "2399"]
[BlackElo "2523"]
[Annotator "ChessBase"]
[PlyCount "60"]
[EventDate "2019.04.17"]
[EventType "swiss"]
[EventCountry "ESP"]
[SourceTitle "playchess.com"]
[Source "ChessBase"]
[SourceQuality "1"]
[TimeControl "5400+30"]

1. d4 {[%emt 0:03:12]} Nf6 {[%emt 0:00:00]} 2. c4 {[%emt 0:01:08]} e6 {[%emt 0:00:00]} 3. Nf3 {[%emt 0:00:39]} d5 {[%emt 0:00:06]} 4. e3 {[%emt 0:03:46]} a6 {[%emt 0:02:31]} 5. Nbd2 {[%emt 0:04:49]} c5 {[%emt 0:03:59]} 6. cxd5 {[%emt 0:01:01]} exd5 {[%emt 0:00:30]} 7. dxc5 {[%emt 0:01:25]} Bxc5 {[%emt 0:00:10]} 8. g3 {[%emt 0:02:25]} O-O {[%emt 0:02:00]} 9. Bg2 {[%emt 0:05:17]} d4 {[%emt 0:03:35]} 10. exd4 {[%emt 0:08:41]} Re8+ {[%emt 0:01:30]} 11. Kf1 {[%emt 0:00:05]} Ba7 {[%emt 0:02:12]} 12. Nb3 {[%emt 0:04:22]} Nc6 {[%emt 0:02:58]} 13. h4 {[%emt 0:02:13]} Bf5 {[%emt 0:03:12]} 14. h5 {[%emt 0:01:13]} h6 {[%emt 0:00:11]} 15. Rh4 {[%emt 0:01:21]} Nb4 {[%emt 0:04:37]} 16. Bf4 {[%emt 0:02:41]} Rc8 {[%emt 0:11:37]} 17. Qd2 {[%emt 0:09:28]} Nbd5 {[%emt 0:26:35]} 18. Bxh6 {[%emt 0:21:48]} Ne4 {[%emt 0:06:01]} 19. Rxe4 {[%emt 0:00:44]} Bxe4 {[%emt 0:00:08]} 20. Bg5 {[%emt 0:08:40]} f6 {[%emt 0:00:17]} 21. Bh4 {[%emt 0:00:01]} Rc2 {[%emt 0:00:17]} 22. Qd1 {[%emt 0:00:43]} Rxb2 {[%emt 0:04:08]} 23. Rc1 {[%emt 0:01:10]} Nb4 {[%emt 0:02:44]} 24. Nbd2 {[%emt 0:03:27]} Bc2 {[%emt 0:03:24]} 25. Rxc2 {[%emt 0:00:02]} Nxc2 {[%emt 0:00:07]} 26. h6 {[%emt 0:06:56]} Nxd4 {[%emt 0:01:41]} 27. Ng5 {[%emt 0:02:59]} fxg5 {[%emt 0:02:04]} 28. Qh5 {[%emt 0:00:40]} Re1+ {[%emt 0:02:17]} 29. Kxe1 {[%emt 0:00:08]} Nf3+ {[%emt 0:00:05]} 30. Kf1 {[%emt 0:02:46]} Qd3# {[%emt 0:00:10]} 0-1

[Event "46th Roda Open 2019"]
[Site "La Roda"]
[Date "2019.04.21"]
[Round "8.7"]
[White "Ladron De Guevara Pinto, Paolo"]
[Black "Merario Alarcon, Andres"]
[Result "1/2-1/2"]
[WhiteElo "2429"]
[BlackElo "2399"]
[Annotator "ChessBase"]
[PlyCount "41"]
[EventDate "2019.04.17"]
[EventType "swiss"]
[EventCountry "ESP"]
[SourceTitle "playchess.com"]
[Source "ChessBase"]
[SourceQuality "1"]
[TimeControl "5400+30"]

1. e4 {[%emt 0:05:35]} e5 {[%emt 0:00:00]} 2. Nf3 {[%emt 0:00:05]} Nc6 {[%emt 0:00:00]} 3. d4 {[%emt 0:00:05]} exd4 {[%emt 0:00:00]} 4. Bc4 {[%emt 0:00:05]} Nf6 {[%emt 0:00:00]} 5. O-O {[%emt 0:00:06]} Nxe4 {[%emt 0:00:15]} 6. Nc3 {[%emt 0:00:41]} dxc3 {[%emt 0:00:36]} 7. Bxf7+ {[%emt 0:00:42]} Kxf7 {[%emt 0:00:23]} 8. Qd5+ {[%emt 0:00:08]} Ke8 {[%emt 0:01:00]} 9. Re1 {[%emt 0:00:23]} Qf6 {[%emt 0:00:41]} 10. Rxe4+ {[%emt 0:01:10]} Be7 {[%emt 0:00:36]} 11. Bg5 {[%emt 0:00:49]} Qf7 {[%emt 0:00:20]} 12. Qd3 {[%emt 0:00:49]} cxb2 {[%emt 0:00:46]} 13. Rae1 {[%emt 0:00:07]} Kf8 {[%emt 0:00:59]} 14. Rf4 {[%emt 0:00:27]} Bf6 {[%emt 0:00:06]} 15. Bxf6 {[%emt 0:00:33]} gxf6 {[%emt 0:00:55]} 16. Qc3 {[%emt 0:00:10]} Kg7 {[%emt 0:01:09]} 17. Rg4+ {[%emt 0:00:46]} Kf8 {[%emt 0:00:28]} 18. Rf4 {[%emt 0:00:04]} Kg7 {[%emt 0:00:15]} 19. Rg4+ {[%emt 0:00:27]} Kf8 {[%emt 0:00:37]} 20. Rf4 {[%emt 0:00:05]} Kg7 {[%emt 0:00:13]} 21. Rg4+ {[%emt 0:00:09]} 1/2-1/2

[Event "46th Roda Open 2019"]
[Site "La Roda"]
[Date "2019.04.21"]
[Round "8.8"]
[White "Grigoryan, Karen H."]
[Black "Lopez Mulet, Inigo"]
[Result "0-1"]
[WhiteElo "2545"]
[BlackElo "2368"]
[Annotator "ChessBase"]
[PlyCount "70"]
[EventDate "2019.04.17"]
[EventType "swiss"]
[EventCountry "ESP"]
[SourceTitle "playchess.com"]
[Source "ChessBase"]
[SourceQuality "1"]
[TimeControl "5400+30"]

1. d4 {[%emt 0:01:48]} e6 {[%emt 0:00:24]} 2. c4 {[%emt 0:00:09]} Bb4+ {[%emt 0:00:25]} 3. Bd2 {[%emt 0:02:24]} a5 {[%emt 0:00:20]} 4. Nf3 {[%emt 0:02:43]} d6 {[%emt 0:01:58]} 5. g3 {[%emt 0:00:32]} Nc6 {[%emt 0:00:23]} 6. Nc3 {[%emt 0:03:31]} Nf6 {[%emt 0:02:48]} 7. Bg2 e5 {[%emt 0:07:53]} 8. d5 {[%emt 0:04:06]} Nb8 {[%emt 0:00:18]} 9. O-O {[%emt 0:00:52]} O-O {[%emt 0:03:27]} 10. Ne1 {[%emt 0:01:27]} Bf5 {[%emt 0:20:38]} 11. Nc2 {[%emt 0:10:24]} Bxc3 {[%emt 0:10:42]} 12. Bxc3 {[%emt 0:01:13]} Ne4 {[%emt 0:00:41]} 13. Be1 {[%emt 0:00:30]} Nc5 {[%emt 0:00:14]} 14. b3 {[%emt 0:05:00]} Qc8 {[%emt 0:06:45]} 15. Bc3 {[%emt 0:04:39]} Bh3 {[%emt 0:02:05]} 16. f3 {[%emt 0:01:28]} Bxg2 {[%emt 0:01:20]} 17. Kxg2 {[%emt 0:00:06]} f5 {[%emt 0:00:09]} 18. f4 {[%emt 0:01:23]} Qe8 {[%emt 0:02:13]} 19. fxe5 {[%emt 0:01:36]} dxe5 {[%emt 0:00:51]} 20. Ne3 {[%emt 0:04:22]} f4 {[%emt 0:05:07]} 21. gxf4 {[%emt 0:06:12]} Rxf4 {[%emt 0:07:54]} 22. Qc2 {[%emt 0:18:14]} Ne4 {[%emt 0:00:59]} 23. Kh1 {[%emt 0:08:28]} Ra6 {[%emt 0:08:26]} 24. Ng2 {[%emt 0:05:35]} Qg6 {[%emt 0:01:21]} 25. Rxf4 {[%emt 0:05:49]} Ng3+ {[%emt 0:03:46]} 26. hxg3 {[%emt 0:00:05]} Qxc2 {[%emt 0:00:05]} 27. Bxe5 {[%emt 0:00:05]} Nd7 {[%emt 0:00:40]} 28. Bxc7 {[%emt 0:00:45]} Rf6 {[%emt 0:00:30]} 29. Bxa5 {[%emt 0:02:17]} Rxf4 {[%emt 0:01:09]} 30. Nxf4 {[%emt 0:01:13]} Qb2 {[%emt 0:02:01]} 31. Rd1 {[%emt 0:01:03]} Qxa2 {[%emt 0:00:09]} 32. Be1 {[%emt 0:02:39]} g5 {[%emt 0:00:57]} 33. Nd3 {[%emt 0:04:31]} Qxe2 {[%emt 0:00:23]} 34. Nf2 {[%emt 0:00:05]} Qf1+ {[%emt 0:00:29]} 35. Kh2 {[%emt 0:00:06]} Ne5 {[%emt 0:00:10]} 0-1

[Event "46th Roda Open 2019"]
[Site "La Roda"]
[Date "2019.04.21"]
[Round "9.1"]
[White "Grachev, Boris"]
[Black "Perez Candelario, Manuel"]
[Result "1/2-1/2"]
[WhiteElo "2618"]
[BlackElo "2615"]
[Annotator "ChessBase"]
[PlyCount "43"]
[EventDate "2019.04.17"]
[EventType "swiss"]
[EventCountry "ESP"]
[SourceTitle "playchess.com"]
[Source "ChessBase"]
[SourceQuality "1"]
[TimeControl "5400+30"]

1. d4 {[%emt 0:01:39]} Nf6 {[%emt 0:00:00]} 2. c4 {[%emt 0:00:04]} g6 {[%emt 0:00:00]} 3. Nc3 {[%emt 0:00:06]} Bg7 {[%emt 0:00:00]} 4. e4 {[%emt 0:00:23]} d6 {[%emt 0:00:00]} 5. Bg5 {[%emt 0:00:05]} h6 {[%emt 0:03:16]} 6. Bd2 {[%emt 0:03:39]} Na6 {[%emt 0:11:59]} 7. Bd3 {[%emt 0:04:07]} c5 {[%emt 0:02:08]} 8. d5 {[%emt 0:01:09]} e6 {[%emt 0:00:22]} 9. Nf3 {[%emt 0:07:58]} exd5 {[%emt 0:06:10]} 10. cxd5 {[%emt 0:02:00]} O-O {[%emt 0:00:43]} 11. O-O {[%emt 0:02:42]} Nc7 {[%emt 0:04:51]} 12. Re1 {[%emt 0:05:47]} a6 {[%emt 0:02:31]} 13. a4 {[%emt 0:00:58]} b6 {[%emt 0:00:21]} 14. Rb1 {[%emt 0:03:42]} Bg4 {[%emt 0:06:10]} 15. h3 {[%emt 0:01:00]} Bxf3 {[%emt 0:00:04]} 16. Qxf3 {[%emt 0:00:03]} Nd7 {[%emt 0:01:08]} 17. Qg3 {[%emt 0:06:04]} Ne5 {[%emt 0:05:22]} 18. Bf1 {[%emt 0:00:11]} g5 {[%emt 0:01:09]} 19. Nd1 {[%emt 0:02:12]} f5 {[%emt 0:08:06]} 20. f4 {[%emt 0:03:46]} gxf4 {[%emt 0:01:38]} 21. Bxf4 {[%emt 0:00:57]} Kh8 {[%emt 0:01:31]} 22. Nc3 {[%emt 0:29:02]} 1/2-1/2